| 000 | 00842nam a2200265 i 4500 | ||
|---|---|---|---|
| 001 | 000049035 | ||
| 003 | DO-SdBNP | ||
| 005 | 20241115085315.0 | ||
| 007 | ta | ||
| 008 | 190715s2006 dr r 000 0 spa d | ||
| 040 |
_aDO-SdBNP _bspa _cBNPHU _erda |
||
| 082 |
_axxxx _bD663g _222 |
||
| 100 | 1 |
_4aut. _aD'Oleo, Frank _910319 _eautor |
|
| 245 | 1 | 0 |
_aGlobalización, educación y universidad cambio y transformación curricular / _cFrank D'oleo. |
| 264 | 1 |
_aSanto Domingo : _bUniversidad APEC, _c2006. |
|
| 300 |
_a96 páginas _c22 cm. |
||
| 336 |
_atexto _btxt _2rdacontent |
||
| 337 |
_asin mediación _bn _2rdamedia |
||
| 338 |
_avolumen _bnc _2rdacarrier |
||
| 490 | 1 | _aUNAPEC | |
| 490 | 1 |
_aEnsayo _v2 |
|
| 500 | _aIncluye referencias bibliográficas y notas al pie de las páginas | ||
| 590 | _aInventariado, 2019/BT | ||
| 942 |
_2ddc _cLBS1 |
||
| 999 |
_c48523 _d48523 |
||